000 00631 a2200229 4500
005 20260319102258.0
008 260318b |||||||| |||| 00| 0 eng d
020 _a9789361773877
_cRs. 1595.00
040 _aMAIN
082 _a954.025
_bD569A
100 _aDigby, Simon
110 _a
245 _aAgainst the Mughals: Dreams and wars of Dattu sarvani a sixteenth - Century indo - Afghan soldier
260 _bPrimus Book
_c2024
_aDelhi
300 _axxii, 316
650 _aHistory
650 _aMughal History
650 _aIndian History
700 _aSheikh, Samira
700 _4Lunn, David, ed.
942 _cBK
999 _c394902
_d394902